| 000 | 00000nam##2200000za#4500 |
| 001 | 9.615909 |
| 003 | CaOODSP |
| 005 | 20200514165641 |
| 007 | ta |
| 008 | 150406|2001||||xxc||||| f|0| 0 eng|d |
| 020 | |a0-662-31757-2 |
| 040 | |aCaOODSP|beng |
| 043 | |an-cn--- |
| 086 | 1 |aNH18-23/90E |
| 110 | 2 |aCanada Mortgage and Housing Corporation. |
| 245 | 10|aDisinvestment and the decline of urban neighborhoods |
| 260 | |aOttawa - Ontario : |bCanada Mortgage and Housing Corporation |c2001. |
| 300 | |a6p. ; |c28 cm. |
| 490 | 1 |aResearch highlight. Socio-economic series |v90 |
| 563 | |aPamphlet |
| 590 | |a02-08|b2002-02-22 |
| 690 | 07|aUrban environment|2gcpds |
| 690 | 07|aSubsidized housing|2gcpds |
| 690 | 07|aInvestments|2gcpds |
| 775 | 08|tLe désinvestissement et le déclin des quartiers en milieu urbain |w(CaOODSP)9.625889 |
| 776 | 0#|tDisinvestment and the decline of urban neighborhoods |w(CaOODSP)9.571772 |
| 830 | #0|aResearch highlight. Socio-economic series ;|v90|w(CaOODSP)9.514827 |
| 986 | |a62512 |